| 000 | 01338cam a2200313 a 4500 | ||
|---|---|---|---|
| 001 | 12364377 | ||
| 005 | 20161015155013.0 | ||
| 008 | 010330s2002 mau 000 0 eng | ||
| 010 | _a 2001030917 | ||
| 020 | _a0072370645 (alk. paper) | ||
| 040 |
_aDLC _cDLC _dDLC |
||
| 050 | 0 | 0 |
_aPE1417 _b.G67 2002 |
| 082 | 0 | 0 |
_aDC 808.0427 _22002 _bW63 |
| 245 | 0 | 0 |
_aGreat writing: _ba reader for writers/ _c[compiled by] Harvey S. Wiener and Nora Eisenberg. |
| 250 | _a3rd edition | ||
| 260 |
_aBoston: _bMcGraw-Hill, _cc2002. |
||
| 300 |
_axxvi, 608 pages; _c23 cm. |
||
| 650 | 0 | _aCollege readers. | |
| 650 | 0 |
_aEnglish language _xRhetoric _vProblems, exercises, etc. |
|
| 650 | 0 |
_aReport writing _vProblems, exercises, etc. |
|
| 700 |
_aWiener, Harvey S. _916349 _eCompiler |
||
| 700 |
_aEisenberg, Nora, _d1946- _916350 _eCompiler |
||
| 856 | 4 | 2 |
_3Publisher description _uhttp://www.loc.gov/catdir/description/mh021/2001030917.html |
| 856 | 4 | 1 |
_3Table of contents _uhttp://www.loc.gov/catdir/toc/mh021/2001030917.html |
| 365 |
_b2842.00 _cPhp |
||
| 906 |
_a7 _bcbc _corignew _d1 _eocip _f20 _gy-gencatlg |
||
| 942 |
_2ddc _cDC |
||
| 999 |
_c5278 _d5278 |
||